000 00202nam a2200085Ia 4500
008 120527s9999 xx 000 0 und d
100 _aVELACOTT & SIOLE
245 _aPractice in human biology
942 _cBK
999 _c25775
_d25775